Soft skills for students : (Record no. 76030)

MARC details
000 -LEADER
fixed length control field 00604nam a22001937a 4500
005 - DATE AND TIME OF LATEST TRANSACTION
control field 20130607122333.0
010 ## - LCCN (DPL NO)
LC control number ENG-107328
020 ## - INTERNATIONAL STANDARD BOOK NUMBER
International Standard Book Number 9789380902906
Terms of availability 595.00
035 ## - SYSTEM CONTROL NUMBER
System control number EN-90861
037 ## - SOURCE OF ACQUISITION
Source of stock number/acquisition DBAD/PUB
082 ## - DEWEY DECIMAL CLASSIFICATION NUMBER
Classification number 650.13
100 ## - MAIN ENTRY--PERSONAL NAME
Personal name Rao, M.S.
245 ## - TITLE STATEMENT
Title Soft skills for students :
Statement of responsibility, etc by M.S.Rao
Remainder of title classroom to corporate /
260 ## - PUBLICATION, DISTRIBUTION, ETC. (IMPRINT)
Place of publication, distribution, etc Jaipur
Name of publisher, distributor, etc Aadi Publications
Date of publication, distribution, etc 2012
270 ## - ADDRESS
Address 18, Jain Bhawan, Opp.N.B.C.Shanti Nagar
City Jaipur
Postal code 302006
300 ## - PHYSICAL DESCRIPTION
Extent xx,147p.
Dimensions 23cm(Hb)
500 ## - GENERAL NOTE
General note Includes bibliographical references and index
942 ## - ADDED ENTRY ELEMENTS (KOHA)
Source of classification or shelving scheme Dewey Decimal Classification
Item type English Books
Call number suffix RAO
Classification part 650.13
Holdings
Withdrawn status Lost status Not for loan Collection code Home library Current library Date acquired Source of acquisition Cost, normal purchase price Full call number Barcode Copy number Cost, replacement price Koha item type
    Not For Loan Non-fiction D.B.Act.Division D.B.Act.Division 23/05/2013 DBAD / PUB 595.00 650.13 RAO EN-90861 1 595.00 English Books

© Delhi Public Library
Hit Counter
free hit counter